000 00588nam a2200193 a 4500
005 20210219152946.0
008 991125n 000 0 u
035 _aUPN01000068901
222 _aREVISTA DEL INSTITUTO NACIONAL DE PEDAGOGIA
245 _aConferencia nacional de segunda enseñanza : concluciones aprobadas por la asamblea nacional
300 _a47-97
362 _a1952 Año 6, nos. 21-23 abr.-oct.
653 0 _aCURRICULUM
653 0 _aDIDACTICA
653 0 _aEDUCACION SECUNDARIA
653 0 _aOBJETIVOS EDUCATIVOS
904 _aAC
_b006712
905 _aArticulo
999 _c64752
_d64752